000 00834nam a2200265 a 4500
001 000044262
003 DO-SdBNP
005 20240530073923.0
008 140611s2009 dr 000 f spa d
020 _a9789993456575
040 _aDO-SdBNP
_bspa
_cBNPHU
082 4 _aRD863.44
_bV443co
_222
100 1 _aVeloz Maggiolo, Marcio,
_d1936-2021
_91104
245 1 0 _aConfesiones de un guionista /
_cMarcio Veloz Maggiolo.
260 _aSanto Domingo :
_bNorma,
_c2009.
300 _a205 p. :
_b23 cm.
490 _aLa otra orilla
500 _aIncluye datos biográficos del autor en la solapa de la cubierta
590 _aInventariado,2020/VM
650 0 _aNovela dominicana
_9223
650 0 _aLiteratura dominicana.
_967
830 _aLa otra orilla
_91904
910 _aValidado. Control de calidad MFF
942 _2ddc
_cLBS1
999 _c43751
_d43751